| 000 | 01951cas a2200457 a 4500 | ||
|---|---|---|---|
| 001 | 11143752 | ||
| 005 | 20040506050232.0 | ||
| 008 | 770809c19399999ii qrzp 0 a0eng d | ||
| 010 | _a 49000098 | ||
| 022 | _a0019-5006 | ||
| 035 | _a(OCoLC)ocm03173499 | ||
| 037 | _bEditor, Indian Journal of Adult Education, Indian Adult Education Association (IAEA), 17-B, Indraprastha Estate, New Delhi-110002 | ||
| 040 |
_aFMFIU _cFMFIU _dNIC _dMnMULS _dAIP _dDLC _dNSDP _dOCoLC _dDLC |
||
| 042 |
_alc _ansdp |
||
| 043 | _aa-ii--- | ||
| 050 |
_aLC5201 _b.I55 |
||
| 082 | _a374.05 | ||
| 210 | _aIndian j. adult educ. | ||
| 222 | _aIndian journal of adult education | ||
| 245 | _aIndian journal of adult education. | ||
| 260 |
_aNew Delhi _bIndian Adult Education Association _c2009- |
||
| 300 |
_av. : _bill., ports. ; _c25-28 cm. |
||
| 310 |
_aQuarterly, _bApr.-June 2003- |
||
| 321 |
_aQuarterly _b<v. 36, no. 12- 2002> |
||
| 321 |
_amonthly _b<v. 36, no. 12- 2002> |
||
| 321 |
_aBimonthly, _b1939-<19 > |
||
| 362 | _aBegan with: issue for Dec. 1939. | ||
| 500 | _aDescription based on: Vol. 1, no. 2 (Feb. 1940). | ||
| 500 | _aImprint varies: New Delhi : Indian Adult Education Association Association, <v. 36, no. 12- >. | ||
| 500 | _aLatest issue consulted: Vol. 64, no. 2 (Apr.-June 2003). | ||
| 550 | _aOfficial organ of the Indian Adult Education Association, <1940>-Apr. 1942. | ||
| 590 | _aSERBIB/SERLOC merged record | ||
| 650 |
_aAdult education _zIndia _vPeriodicals. |
||
| 710 | _aIndian Adult Education Association. | ||
| 270 |
_a17-B, Indraprastha Estate _bNew Delhi _e110002 _k23379282, 23378436 _l23378206 _miaea_india@yahoo.com |
||
| 906 |
_a7 _bcbc _cserials _du _encip _f19 _gn-oclcserc |
||
| 942 |
_2ddc _cSR _h374.05 _mIND _s1 |
||
| 999 |
_c25851 _d25851 |
||